Ontología : la fábrica del mundo real /

Esta colección es un tratado filosófico sobre la ontología. Contenido del volumen 3 (La Fábrica del Mundo Real): Introducción; Concepto General de las Categorías; Teoría de las Categorías Fundamentales; Las Leyes Categoriales.

Guardado en:
Bibliografiske detaljer
Hovedforfatter: Hartmann, Nicolai (autor)
Format: Bog
Sprog:spansk
Udgivet: México : Fondo de Cultura Económica, 1959
Serier:(Sección de Obras de Filosofía)
Fag:
Tags: Tilføj Tag
Ingen Tags, Vær først til at tagge denne postø!

MARC

LEADER 00000nam^a2200000^a^4500
001 000001336
005 20250521000000.0
009 20260310083104.398
037 |a Acervo ITESO - Biblioteca 
041 |a ESP 
082 |a 111.  |b HAR V. 3 
100 |a Hartmann, Nicolai  |e (autor) 
245 1 0 |a Ontología :  |b la fábrica del mundo real /  |c N. Hartmann ; tr. por José Gaos. 
264 1 |a México :  |b Fondo de Cultura Económica,  |c 1959 
300 |a 685 p. 
336 |a texto  |b txt  |2 rdacontenido 
337 |a sin mediación  |b n  |2 rdamedio 
338 |a volumen  |b nc  |2 rdasoporte 
440 1 |a (Sección de Obras de Filosofía) 
500 |a Traducción de: Der Aufbau der Realen Welt 
520 |a Esta colección es un tratado filosófico sobre la ontología. Contenido del volumen 3 (La Fábrica del Mundo Real): Introducción; Concepto General de las Categorías; Teoría de las Categorías Fundamentales; Las Leyes Categoriales. 
649 |a XX 
650 |a Filosofía 
650 |a Ontología 
910 |a Fondo General 
920 |a Impresos - Libros 
930 |a Colección General 
905 |a 101 
901 |a 0013360100  |b IT1  |c ACC  |i 001336  |u 20250521 
902 |a https://opac.biblio.iteso.mx/vufind/Record/000001336